logo

Bir Sreshtho Munshi Abdur Rouf Library
Jhenaidah Cadet College

Favorite poems old and new : (Record no. 9399)

MARC details
000 -LEADER
fixed length control field 00922cam a22003011a 4500
001 - CONTROL NUMBER
JCCL Control Number 9399
003 - CONTROL NUMBER IDENTIFIER
JCCL marc code BD-JhCC
005 - DATE AND TIME OF LATEST TRANSACTION
control field 20181204093548.0
008 - FIXED-LENGTH DATA ELEMENTS--GENERAL INFORMATION
fixed length control field 941129s1965 ilua 001 0 eng
035 ## - SYSTEM CONTROL NUMBER
system control number (OCoLC)31531241
-- BD-JhCC
040 ## - CATALOGING SOURCE
Original cataloging agency DLC
Transcribing agency InTI
Modifying agency DLC
-- BD-JhCC
041 ## - LANGUAGE CODE
Language code of Book eng
050 00 - LIBRARY OF CONGRESS CALL NUMBER
Classification number PZ8.3.F375
Item number Fa3
082 ## - DEWEY DECIMAL CLASSIFICATION NUMBER
Author mark and Year FER 1965
Classification number 808.81
100 ## - MAIN ENTRY--PERSONAL NAME
Personal name Ferris, Helen
245 00 - TITLE STATEMENT
Title Favorite poems old and new :
Remainder of title selected for boys and girls /
Statement of responsibility, etc by Helen Ferris ; illustrated by Kay Lovelace Smith and Leonard Weisgard.
250 ## - EDITION STATEMENT
Edition statement Illustrated ed.
260 ## - PUBLICATION, DISTRIBUTION, ETC. (IMPRINT)
Place of publication, distribution, etc Chicago :
Name of publisher, distributor, etc F.E. Compton Co.,
Date of publication, distribution, etc 1965.
300 ## - PHYSICAL DESCRIPTION
Pagination 2 v. :
Other physical details ill. (some col.) ;
Dimensions 27 cm.
490 0# - SERIES STATEMENT
Series statement Compton's beginner's bookshelf
500 ## - GENERAL NOTE
General note Includes index.
650 #0 - SUBJECT ADDED ENTRY--TOPICAL TERM
Topical term or geographic name as entry element Children's poetry.
650 #0 - SUBJECT ADDED ENTRY--TOPICAL TERM
Topical term following geographic name as entry element Poetry
700 1# - ADDED ENTRY--PERSONAL NAME
Personal name Smith, Kay Lovelace.
700 1# - ADDED ENTRY--PERSONAL NAME
Personal name Weisgard, Leonard,
Dates associated with a name 1916-2000.
942 ## - ADDED ENTRY ELEMENTS (KOHA)
Source of classification or shelving scheme Dewey Decimal Classification
Koha item type Books
Holdings
Source of classification or shelving scheme Damaged status Not for loan Home library Current library Shelving location Total Checkouts Full call number Barcode Date last seen Copy number Koha item type
Dewey Decimal Classification     JCC Rouf Library JCC Rouf Library General Stacks   808.81 FER 1965 12563 03/13/2018 C - 1 Books

JCC Library | Contacts | JCC Home

Last Update on 23 September 2017
Copyright @ 2017-2020 JCC Rouf Library
Rouf Library, Jhenidah Cadet College (JCC), Bangladesh